00895nam a2200229 a 4500001001000000003000500010005001700015008004100032010001100073011001100084040000900095100003000104245015100134260004100285500006000326502010900386650002500495650002500520650003500545650001500580856007000595000111231CHAP20220329144203.0150121s2014 mx a fsm |||||||spa d a107693 a108665 cCHAP1 aGarcía López, Marín10aIdentificación morfológica de la cenicilla en avena (Avena sativa L.) en Valles Altos de Méxicoh[En línea]cpor Marín García López. aChapingo, Méx. :bEl autor,c2014. aPara ver el contenido del material haga clic en la liga aTesis (Ing. Agr. Esp. en Parasitología Agrícola) -- UACH. Departamento de Parasitología Agrícola14aAvenaxEnfermedades.14aAvenaxEnfermedades.14aAvenaxValles AltoszMéxico.14aCenicilla. aFinding aiduhttp://10.13.5.2/tesis/sist111231.pdfzTeclea aquí